<?xml version="1.0" encoding="UTF-8"?>
<record
    xmlns:xsi="http://www.w3.org/2001/XMLSchema-instance"
    xsi:schemaLocation="http://www.loc.gov/MARC21/slim http://www.loc.gov/standards/marcxml/schema/MARC21slim.xsd"
    xmlns="http://www.loc.gov/MARC21/slim">

  <leader>00655nam a22001811i 4500</leader>
  <controlfield tag="001">8374</controlfield>
  <datafield tag="090" ind1=" " ind2=" ">
    <subfield code="a">8374</subfield>
  </datafield>
  <datafield tag="010" ind1=" " ind2=" ">
    <subfield code="a">9789724215259</subfield>
  </datafield>
  <datafield tag="100" ind1=" " ind2=" ">
    <subfield code="a">20170304u        u  u0frey50      ba</subfield>
  </datafield>
  <datafield tag="101" ind1="0" ind2=" ">
    <subfield code="a">por</subfield>
  </datafield>
  <datafield tag="200" ind1="1" ind2=" ">
    <subfield code="f">Tom Wujec</subfield>
    <subfield code="a">Jogos da mem&#xF3;ria</subfield>
    <subfield code="e">jogos e exerc&#xED;cios para treinar a sua mente</subfield>
  </datafield>
  <datafield tag="215" ind1=" " ind2=" ">
    <subfield code="a">271, [7] p.</subfield>
    <subfield code="c">il.</subfield>
    <subfield code="d">20 cm</subfield>
  </datafield>
  <datafield tag="702" ind1=" " ind2="1">
    <subfield code="a">Lopes</subfield>
    <subfield code="b">Ana Paula</subfield>
    <subfield code="4">730</subfield>
  </datafield>
  <datafield tag="700" ind1=" " ind2="1">
    <subfield code="a">Wujec</subfield>
    <subfield code="b">Tom</subfield>
    <subfield code="4">070</subfield>
  </datafield>
  <datafield tag="210" ind1=" " ind2=" ">
    <subfield code="c">C&#xED;rculo de Leitores</subfield>
    <subfield code="a">Lisboa</subfield>
    <subfield code="d">imp. 1997</subfield>
  </datafield>
  <datafield tag="996" ind1=" " ind2=" ">
    <subfield code="f">0009106</subfield>
    <subfield code="k">WUJ</subfield>
    <subfield code="m">00000000</subfield>
    <subfield code="n">00000000</subfield>
    <subfield code="a">BMVA</subfield>
    <subfield code="b">1</subfield>
    <subfield code="v">Viana do Alentejo</subfield>
    <subfield code="x">Psicologia</subfield>
    <subfield code="y">25</subfield>
    <subfield code="e">Livro</subfield>
    <subfield code="1">0</subfield>
    <subfield code="3">1</subfield>
  </datafield>
  <datafield tag="996" ind1=" " ind2=" ">
    <subfield code="f">0013234</subfield>
    <subfield code="k">WUJ</subfield>
    <subfield code="m">00000000</subfield>
    <subfield code="n">00000000</subfield>
    <subfield code="a">BMVAAL</subfield>
    <subfield code="b">3</subfield>
    <subfield code="v">Alc&#xE1;&#xE7;ovas</subfield>
    <subfield code="x">Psicologia</subfield>
    <subfield code="y">25</subfield>
    <subfield code="e">Livro</subfield>
    <subfield code="1">0</subfield>
    <subfield code="3">1</subfield>
  </datafield>
  <datafield tag="990" ind1=" " ind2=" ">
    <subfield code="c">LIVROS</subfield>
  </datafield>
  <datafield tag="995" ind1=" " ind2=" ">
    <subfield code="0">0</subfield>
    <subfield code="1">0</subfield>
    <subfield code="9">10723</subfield>
    <subfield code="b">BMVA</subfield>
    <subfield code="d">BMVA</subfield>
    <subfield code="e">Psicologia</subfield>
    <subfield code="f">0012017</subfield>
    <subfield code="k">WUJ</subfield>
    <subfield code="o">0</subfield>
    <subfield code="r">LIVROS</subfield>
    <subfield code="a">BMVA</subfield>
    <subfield code="c">BMVA</subfield>
    <subfield code="q">25</subfield>
  </datafield>
  <datafield tag="995" ind1=" " ind2=" ">
    <subfield code="0">0</subfield>
    <subfield code="1">0</subfield>
    <subfield code="9">10724</subfield>
    <subfield code="b">BMVAAL</subfield>
    <subfield code="d">BMVA</subfield>
    <subfield code="e">DEP</subfield>
    <subfield code="f">0017031</subfield>
    <subfield code="k">WUJ</subfield>
    <subfield code="o">0</subfield>
    <subfield code="r">LIVROS</subfield>
    <subfield code="u">Cx.204 vnt</subfield>
  </datafield>
</record>
